Statistics for Arctic Monkeys Lyrics - Reckless Serenade

Click here to take the quiz!

General Stats

  • This quiz has been taken 33 times
  • The average score is 118 of 152

Answer Stats

Lyrics% Correct
I
96%
Reckless
96%
reckless
96%
she
96%
a
93%
serenade
93%
serenade,
93%
he
89%
the
89%
The
89%
to
89%
when
89%
When
89%
where
89%
be
85%
by
85%
Their
85%
their
85%
as
81%
I'm
81%
it
81%
I've
81%
models
81%
of
81%
on
81%
sing
81%
Topless
81%
what
81%
And
78%
and
78%
collide
78%
doing
78%
flags
78%
get
78%
got
78%
is
78%
she's
78%
Singing
78%
teeth
78%
type
78%
walks
78%
walks,
78%
Wave
78%
answering
74%
figure
74%
goes
74%
her
74%
ignored
74%
it's
74%
kisses
74%
lullaby
74%
machine
74%
me
74%
out
74%
been
70%
but
70%
day
70%
exactly
70%
how
70%
meant
70%
message,
70%
my
70%
need
70%
now
70%
rainy
70%
reason
70%
semaphore
70%
trying
70%
up
70%
back
67%
heavens
67%
his
67%
Illuminations
67%
stuck
67%
stun
67%
unnoticed
67%
voice
67%
walking
67%
wondering
67%
hypnosis
63%
left
63%
listen
63%
Called
59%
eyes
59%
footsteps
59%
shining
59%
spiral
59%
still
59%
Those
59%
twinkling
59%
vixens
59%
did
56%
f***
56%
gun
56%
with
56%
hum
52%
laughs,
52%

Score Distribution

Percentile by Number Answered

Percent of People with Each Score

Your Score History

You have not taken this quiz